000 00629nam a2200253Ia 4500
005 20250425162645.0
008 250425s9999 xx 000 0 und d
020 _a8426707556
041 _aspa
043 _asp
082 _a621.3815
_pPAE
100 _aPAEG, HEINZ
245 0 _aCORRECCION DEL FACTOR DE POTENCIA COS: ENSEÑANZA PROGRAMADA EP 32
250 _aS.E.
260 _aBARCELONA
260 _aEspaña
_bMARCOMBO
_c1989
300 _a63
650 _aCORRIENTE ALTERNA
650 _aCORRIENTE ALTERNA
650 _aPOTENCIA REACTIVA
650 _aPOTENCIA REACTIVA
942 _c01
010 _a94755
999 _c233750
_d233750